000 01105cam a2200229 i 4500
999 _c7729
_d7729
003 OSt
005 20200513142432.0
008 140418s2014 flua b 001 0 eng
082 0 0 _a668.55
_223
245 0 0 _aHandbook of cosmetic science and technology /
_ceditors, André O. Barel, Ph.D., M.S., Emeritus Full Professor of General Chemistry, General and Human Biochemistry, Oral Biochemistry and Cosmetic Sciences, Vrije Univsiteit Brussel, Brussels, Belgium, Marc Paye, Ph.D., European Qualified Person for Pharmacovigilance and Safety Officer, Colgate-Palmolive R&D, Liège, Belgium, Howard I. Maibach, M.D., Professor of Dermatilogy, University of California School of Medicine, San Francisco, USA.
250 _aFourth edition.
300 _axiv, 711 pages :
_billustrations ;
_c29 cm.
504 _aIncludes bibliographical references and index.
650 1 2 _aCosmetics.
650 2 2 _aConsumer Product Safety.
650 2 2 _aSkin Care.
650 2 2 _aSkin.
700 1 _aBarel, A. O.,
_eeditor.
700 1 _aPaye, Marc,
_d1959-
_eeditor.
700 1 _aMaibach, Howard I.,
_eeditor.
942 _2ddc